|
|
|
|
| LEADER |
00000cam a22000004a 4500 |
| 001 |
musev2_4600 |
| 003 |
MdBmJHUP |
| 005 |
20230905040547.0 |
| 006 |
m o d |
| 007 |
cr||||||||nn|n |
| 008 |
020104s2003 nyu o 00 0 eng d |
| 010 |
|
|
|z 2002017577
|
| 020 |
|
|
|a 9780791487679
|
| 020 |
|
|
|z 0791455610
|
| 020 |
|
|
|z 9780791455616
|
| 035 |
|
|
|a (OCoLC)56752128
|
| 040 |
|
|
|a MdBmJHUP
|c MdBmJHUP
|
| 043 |
|
|
|a e-uk---
|
| 050 |
0 |
4 |
|a PR468.A76
|b H35 2003
|
| 082 |
0 |
|
|a 820.9/357
|2 21
|
| 100 |
1 |
|
|a Haley, Bruce,
|d 1933-
|
| 245 |
1 |
0 |
|a Living Forms :
|b Romantics and the Monumental Figure /
|c Bruce Haley.
|
| 264 |
|
1 |
|a Albany :
|b State University of New York Press,
|c 2003.
|
| 264 |
|
3 |
|a Baltimore, Md. :
|b Project MUSE,
|c 2012
|
| 264 |
|
4 |
|c ©2003.
|
| 300 |
|
|
|a 1 online resource (317 pages):
|b ill. ;
|
| 336 |
|
|
|a text
|b txt
|2 rdacontent
|
| 337 |
|
|
|a computer
|b c
|2 rdamedia
|
| 338 |
|
|
|a online resource
|b cr
|2 rdacarrier
|
| 504 |
|
|
|a Includes bibliographical references (p. 281-291) and index.
|
| 588 |
|
|
|a Description based on print version record.
|
| 650 |
|
0 |
|a Statues in literature.
|
| 650 |
|
0 |
|a Sculpture in literature.
|
| 650 |
|
0 |
|a Monuments in literature.
|
| 650 |
|
0 |
|a Romanticism
|z Great Britain.
|
| 650 |
|
0 |
|a Architecture and literature
|x History
|y 19th century.
|
| 650 |
|
0 |
|a Literature and history
|z Great Britain
|x History
|y 19th century.
|
| 650 |
|
0 |
|a Art and literature
|z Great Britain
|x History
|y 19th century.
|
| 650 |
|
0 |
|a English literature
|y 19th century
|x History and criticism.
|
| 655 |
|
7 |
|a Electronic books.
|2 local
|
| 710 |
2 |
|
|a Project Muse.
|e distributor
|
| 830 |
|
0 |
|a Book collections on Project MUSE.
|
| 856 |
4 |
0 |
|z Texto completo
|u https://projectmuse.uam.elogim.com/book/4600/
|
| 945 |
|
|
|a Project MUSE - Custom Collection
|
| 945 |
|
|
|a Project MUSE - Archive Complete Foundation
|
| 945 |
|
|
|a Project MUSE - Archive Literature Foundation
|